000 01331cam a22004454i 4500
003 PE-LiUPU
005 20250731173117.0
008 190920s1988 bl a r 000 0 por d
035 _a(Sirsi) a252557
040 _aPE-LiUPU
_bspa
_cPE-LiUPU
_erda
049 _aPRUA
082 0 4 _a220
_bB52
_221
130 _aBiblia.
_lPortugués.
245 1 0 _aBíblia Sagrada :
_bAntigo e o Novo Testamento.
250 _a2a edición.
264 1 _aSao Paulo :
_bSociedade Bíblica do Brasil,
_c1988.
300 _apaginación variada ;
_c20 centímetros
336 _atext
_2rdacontent
337 _aunmediated
_2rdamedia
338 _avolume
_2rdacarrier
505 0 _aBíblia Sagrada Antigo e o Novo Testamento.
526 _aSEG42
526 _aSEG41
526 _aSEG40
526 _aSEG39
526 _aP94
526 _aP87
526 _aP86
526 _aP85
526 _aP77
526 _aP76
526 _aP35
630 _aBiblia.
_lPortugués.
910 _abgr
_bksl
_cksl
_d20190920
942 _2ddc
_cBOOK
994 _aC0
_bPEPRU
596 _a1
999 _a220 B52
_wDEWEY
_c31784
_i80667
_f2021-11-9
_g3
_lCCODEBUL1
_mBUL
_p36.00
_r0
_sY
_tBOOK
_u2019-9-20
_xTEOLOGIA
_PP35
_0DONACION
_o.STAFF. Colección Teología
_d31784
980 _81
_gALBERTO SANCHEZ Responsable de Automatización